Fortnite / (Record no. 33391)

MARC details
000 -LEADER
fixed length control field 02014cam a2200541 i 4500
005 - DATE AND TIME OF LATEST TRANSACTION
control field 20230903085616.0
008 - FIXED-LENGTH DATA ELEMENTS--GENERAL INFORMATION
fixed length control field 190603s2019 njua 001 0 eng d
010 ## - LIBRARY OF CONGRESS CONTROL NUMBER
LC control number 2019942817
015 ## - NATIONAL BIBLIOGRAPHY NUMBER
National bibliography number GBB9B5982
Source bnb
016 7# - NATIONAL BIBLIOGRAPHIC AGENCY CONTROL NUMBER
Record control number 019453080
Source Uk
020 ## - INTERNATIONAL STANDARD BOOK NUMBER
ISBN 9781119606109
020 ## - INTERNATIONAL STANDARD BOOK NUMBER
Canceled/invalid ISBN 9781119606123
Qualifying information (ePub ebook)
020 ## - INTERNATIONAL STANDARD BOOK NUMBER
Canceled/invalid ISBN 9781119606086
Qualifying information (PDF ebook)
035 ## - SYSTEM CONTROL NUMBER
System control number (OCoLC)on1089266576
040 ## - CATALOGING SOURCE
Original cataloging agency YDX
Language of cataloging eng
Description conventions rda
Transcribing agency YDX
Modifying agency BDX
-- JTD
-- UKMGB
-- SVP
-- OCLCF
-- ZPP
-- OCLCQ
-- CLE
-- OCL
-- OCLCQ
-- MDK
-- OCLCO
-- JQF
-- OCLCA
-- OCL
-- DLC
042 ## - AUTHENTICATION CODE
Authentication code lccopycat
050 00 - LIBRARY OF CONGRESS CALL NUMBER
Classification number GV1469.35.F67
Item number L64 2019
082 04 - DEWEY DECIMAL CLASSIFICATION NUMBER
Classification number 793
Item number LOG-F
100 1# - MAIN ENTRY--AUTHOR
Author Name Loguidice, Bill,
245 10 - TITLE STATEMENT
Title Fortnite /
Statement of responsibility, etc. by Bill Loguidice.
260 ## - PUBLICATION, DISTRIBUTION, ETC.
Place of Publication USA;
Name of publisher, distributor, etc. Wiley,
Date of publication, distribution, etc. 2019.
300 ## - PHYSICAL DESCRIPTION
Pages viii, 229 pages :
336 ## - CONTENT TYPE
Content type term text
Content type code txt
Source rdacontent
337 ## - MEDIA TYPE
Media type term unmediated
Media type code n
Source rdamedia
338 ## - CARRIER TYPE
Carrier type term volume
Carrier type code nc
Source rdacarrier
490 1# - SERIES STATEMENT
Series Statement For dummies
500 ## - GENERAL NOTE
General note Includes index.
650 #0 - SUBJECT ADDED ENTRY--TOPICAL TERM
Subject / Department Fortnite Battle Royale (Game)
650 #0 - SUBJECT ADDED ENTRY--TOPICAL TERM
Subject / Department War video games.
650 #0 - SUBJECT ADDED ENTRY--TOPICAL TERM
Subject / Department Video games.
650 #2 - SUBJECT ADDED ENTRY--TOPICAL TERM
Subject / Department Video Games
650 #6 - SUBJECT ADDED ENTRY--TOPICAL TERM
Subject / Department Fortnite Battle Royale (Jeu)
650 #6 - SUBJECT ADDED ENTRY--TOPICAL TERM
Subject / Department Jeux de guerre sur ordinateur.
650 #6 - SUBJECT ADDED ENTRY--TOPICAL TERM
Subject / Department Jeux vidéo.
650 #7 - SUBJECT ADDED ENTRY--TOPICAL TERM
Subject / Department video games.
Source of heading or term aat
650 #7 - SUBJECT ADDED ENTRY--TOPICAL TERM
Subject / Department GAMES & ACTIVITIES / Video & Mobile.
Source of heading or term bisacsh
650 #7 - SUBJECT ADDED ENTRY--TOPICAL TERM
Subject / Department JUVENILE NONFICTION / Games & Activities / Video & Electronic Games.
Source of heading or term bisacsh
650 #7 - SUBJECT ADDED ENTRY--TOPICAL TERM
Subject / Department Fortnite Battle Royale (Game)
Source of heading or term fast
Authority record control number or standard number (OCoLC)fst02003471
650 #7 - SUBJECT ADDED ENTRY--TOPICAL TERM
Subject / Department War video games.
Source of heading or term fast
Authority record control number or standard number (OCoLC)fst00872697
650 #7 - SUBJECT ADDED ENTRY--TOPICAL TERM
Subject / Department Video games.
Source of heading or term fast
Authority record control number or standard number (OCoLC)fst01166421
246 3# - VARYING FORM OF TITLE
Title proper/short title Fortnite for dummies
264 #1 - PRODUCTION, PUBLICATION, DISTRIBUTION, MANUFACTURE, AND COPYRIGHT NOTICE
Place of production, publication, distribution, manufacture Hoboken, New Jersey :
Name of producer, publisher, distributor, manufacturer John Wiley & Sons,
Date of production, publication, distribution, manufacture, or copyright notice [2019]
300 ## - PHYSICAL DESCRIPTION
-- color illustrations ;
-- 22 cm.
776 08 - ADDITIONAL PHYSICAL FORM ENTRY
Relationship information Ebook version :
International Standard Book Number 9781119606123
906 ## - LOCAL DATA ELEMENT F, LDF (RLIN)
a 7
b cbc
c copycat
d 2
e ncip
f 20
g y-gencatlg
952 ## - LOCATION AND ITEM INFORMATION (KOHA)
-- 0
-- 0
Holdings
Lost status Damaged status Permanent Location Current Location Shelving Location Date acquired Full Call Number Accession No./Barcode Date last seen item type
    Superior Information Resource Center (SIRC) Superior University- Gold Campus Superior Information Resource Center (SIRC) Superior University- Gold Campus Programming 09/03/2023 793 LOG-F 2019 19768 09/03/2023 BOOK

Powered by Koha